000 00949nam a22002417a 4500
999 _c8379
_d8379
001 8379
003 BD-JhCC
005 20191122134019.0
008 180222b2004 bg a|||| ||a| 000 0 ben d
035 _a(BD-JhCC)8379
040 _aBD-JhCC
_dBD-JhCC
041 _aben
082 _a540
_bUDD 2004
100 _aউদ্দিন, মো. মাহির
245 _aউচ্চ মাধ্যমিক রসায়ন (দ্বিতীয় পত্র) /
_cমো. মাহির উদ্দিন; লায়লা মুসতারীন; ড. তানভীর মুসলিম
260 _aঢাকা :
_bদি এ্যাটলাস পাবলিশিং হাউস,
_c2004.
300 _a595 p. :
_c24 cm.
650 _aChemistry
700 _aমুসতারীন, লায়লা
700 _aমুসলিম, ড. তানভীর
942 _2ddc
_cBK
_01